Motor control : (Record no. 30784)
[ view plain ]
| 000 -LEADER | |
|---|---|
| fixed length control field | 02138 am a2200385 a 4500 |
| 001 - CONTROL NUMBER | |
| control field | ocn648080333 |
| 003 - CONTROL NUMBER IDENTIFIER | |
| control field | EG-ScBUE |
| 005 - DATE AND TIME OF LATEST TRANSACTION | |
| control field | 20240613144213.0 |
| 008 - FIXED-LENGTH DATA ELEMENTS--GENERAL INFORMATION | |
| fixed length control field | 100710t2024 paua f b 001 0 eng d |
| 020 ## - INTERNATIONAL STANDARD BOOK NUMBER | |
| International Standard Book Number | 9781975209575 |
| 020 ## - INTERNATIONAL STANDARD BOOK NUMBER | |
| International Standard Book Number | 1975209575 |
| 035 ## - SYSTEM CONTROL NUMBER | |
| System control number | (OCoLC)ocn648080333 |
| 035 ## - SYSTEM CONTROL NUMBER | |
| System control number | (OCoLC)648080333 |
| 040 ## - CATALOGING SOURCE | |
| Original cataloging agency | DNLM/DLC |
| Language of cataloging | eng |
| Description conventions | rda |
| Transcribing agency | DLC |
| Modifying agency | YDX |
| -- | NLM |
| -- | YDXCP |
| -- | BWX |
| -- | CDX |
| -- | IUM |
| -- | EG-ScBUE |
| 082 04 - DEWEY DECIMAL CLASSIFICATION NUMBER | |
| Classification number | 612.04 |
| Edition number | 22 |
| Item number | MOT |
| 245 00 - TITLE STATEMENT | |
| Title | Motor control : |
| Remainder of title | translating research into clinical practice / |
| Statement of responsibility, etc | Anne Shumway-Cook [and three others] |
| 250 ## - EDITION STATEMENT | |
| Edition statement | Sixth edition. |
| 250 ## - EDITION STATEMENT | |
| Edition statement | International edition. |
| 264 #1 - PUBLICATION, DISTRIBUTION, ETC. (IMPRINT) | |
| Place of publication, distribution, etc | Philadelphia : |
| Name of publisher, distributor, etc | Wolters Kluwer, |
| Date of publication, distribution, etc | [2024] |
| 264 #4 - PUBLICATION, DISTRIBUTION, ETC. (IMPRINT) | |
| Date of publication, distribution, etc | c2024 |
| 300 ## - PHYSICAL DESCRIPTION | |
| Extent | xviii, 718 p. : |
| Other physical details | color illustrations ; |
| Dimensions | 29 cm |
| 336 ## - CONTENT TYPE | |
| Source | rdacontent |
| Content type term | text |
| Content type code | txt |
| 337 ## - MEDIA TYPE | |
| Source | rdamedia |
| Media type term | unmediated |
| Media type code | n |
| 338 ## - CARRIER TYPE | |
| Source | rdacarrier |
| Carrier type term | volume |
| Carrier type code | nc |
| 504 ## - BIBLIOGRAPHY, ETC. NOTE | |
| Bibliography, etc | Includes bibliographical references and index. |
| 505 0# - FORMATTED CONTENTS NOTE | |
| Formatted contents note | Motor control : issues and theories -- Motor learning and recovery of function -- Physiology of motor control -- Physiological basis of motor learning and recovery of function -- Constraints on motor control : an overview of neurologic impairments -- A conceptual framework for clinical practice -- Normal postural control -- Development of postural control -- Aging and postural control -- Abnormal postural control -- Clinical management of the patient with postural control disorder -- Control of normal mobiligy -- A life span perspective of mobility -- Abnormal mobility -- Clinical management of the patient with a mobility disorder -- Normal reach, grasp, and manipulation -- Reach grasp, and manipulation : changes across the life span -- Abnormal reach, grasp, and manipulation -- Clinical management of the patient with reach, grasp, or manipulation disorders. |
| 650 #7 - SUBJECT ADDED ENTRY--TOPICAL TERM | |
| Topical term or geographic name as entry element | Motor ability. |
| Source of heading or term | BUEsh |
| 650 #7 - SUBJECT ADDED ENTRY--TOPICAL TERM | |
| Topical term or geographic name as entry element | Motor learning. |
| Source of heading or term | BUEsh |
| 650 #7 - SUBJECT ADDED ENTRY--TOPICAL TERM | |
| Topical term or geographic name as entry element | Medical rehabilitation. |
| Source of heading or term | BUEsh |
| 650 #7 - SUBJECT ADDED ENTRY--TOPICAL TERM | |
| Topical term or geographic name as entry element | Brain damage |
| General subdivision | Patients |
| -- | Rehabilitation. |
| Source of heading or term | BUEsh |
| 653 ## - INDEX TERM--UNCONTROLLED | |
| Arrived date list | June2024 |
| Resource For college | Physical Therapy |
| 655 ## - INDEX TERM--GENRE/FORM | |
| Form subdivision | Reading book |
| 700 1# - ADDED ENTRY--PERSONAL NAME | |
| Personal name | Shumway-Cook, Anne, |
| Dates associated with a name | 1947- |
| Relator term | author. |
| 942 ## - ADDED ENTRY ELEMENTS (KOHA) | |
| Source of classification or shelving scheme | Dewey Decimal Classification |
| Koha item type | Book - Borrowing |
| Withdrawn status | Lost status | Source of classification or shelving scheme | Damaged status | Not for loan | Collection code | Home library | Current library | Shelving location | Date acquired | Source of acquisition | Cost, normal purchase price | Serial Enumeration / chronology | Total Checkouts | Total Renewals | Full call number | Barcode | Checked out | Date last seen | Date checked out | Cost, replacement price | Price effective from | Koha item type |
|---|---|---|---|---|---|---|---|---|---|---|---|---|---|---|---|---|---|---|---|---|---|---|
| Dewey Decimal Classification | Baccah | Central Library | Central Library | First floor | 13/06/2024 | Purchase | 3426.00 | 38283 | 1 | 2 | 612.04 MOT | 000057139 | 15/05/2025 | 14/04/2025 | 14/04/2025 | 4283.00 | 13/06/2024 | Book - Borrowing |